| 000 | 01016nam0a22002771 4500 | ||
|---|---|---|---|
| 001 | rc\3982494 | ||
| 005 | 20260406095034.0 | ||
| 021 |
_aRU _b[55-61990] |
||
| 035 | _a(NLR Aleph) 007936304 | ||
| 090 |
_a8250686 _c8250686 |
||
| 100 | _a20130415d1955 |||y0rusy50 ca | ||
| 101 | 1 |
_arus _ceng |
|
| 102 | _aRU | ||
| 105 | _aa z |||a| | ||
| 200 | 1 |
_aДомик под водой _e[Рассказ _eДля мл. школьного возраста _fПер. с англ. Н. Чуковского] _gРис. А. Келейникова |
|
| 210 |
_aМосква _cДетгиз _d1955 |
||
| 215 |
_a64 с. _cил. _d21 |
||
| 225 | 1 | _aКнига за книгой | |
| 700 | 1 |
_aРобертс _bЧ. _f1860-1943 _gЧарльз |
|
| 702 | 1 |
_4730 _7ca _8rus _aЧуковский _bН. К. _f1904-1965 _gНиколай Корнеевич _953726 _3RU\NLR\auth\7770798 |
|
| 702 | 1 |
_aКелейников _bА. _4440 |
|
| 801 | 0 |
_aRU _bNLR _gpsbo |
|
| 801 | 1 |
_aRU _bELAR _2rusmarc |
|
| 852 |
_aNLR _jДл02 Г-4/2278 |
||
| 942 | _cBOOK | ||
| 980 | _aNB | ||